000 00954nam a22002537a 4500
999 _c5643
_d5643
003 OSt
005 20251013095547.0
008 251013b ||||| |||| 00| 0 eng d
020 _a9781474915083
_qbook set
040 _cKH8
082 _aFIC RAW
100 _aRawson, Christopher,
_eauthor.
245 _aStories of Witches /
_cChristopher Rawson ; adapted by Gill Harvey ; illustrated by Stephen Cartwright.
260 _aEngland ;
_bUsborne Publishing Ltd ,
_c2007.
300 _a48 pages :
_bcolor illustrations ;
_c20 cm.
490 _aUsborne Young Reading
_vseries one
520 _aHere are three tales to bewitch: a witch who loses her broomstick, a witch who loses her temper and a witch who loses out to a clever farmer.
650 _aEasy reading
_vfiction
650 _aStory book
_vfiction
700 _aHarvey, Gill,
_eadaptor.
700 _aCartwright, Stephen,
_eillustrator.
830 _aUsborne Young Reading
942 _2ddc
_cFIC